| 000 | 00972nam a2200217Ii 4500 | ||
|---|---|---|---|
| 003 | JO-AjNU | ||
| 008 | 230605s9999||||xx |||||||||||||| ||und|| | ||
| 017 | _a1995/12/1353 | ||
| 040 |
_aJO-AjNU _bara _erda _cJO-AjNU |
||
| 041 | _aara | ||
| 050 | 1 | 4 | _aBP15.M67 1995 |
| 100 | 3 |
_aتحرير: ملكاوي، فتحي حسن ، محمد عبد الكريم أبو سل , _eauthor _952583 |
|
| 245 | 0 | 0 | _aبحوث مؤتمر علوم الشريعة في الجامعات الواقع والطموح عمان/المملكة الاردنية الهاشمية 16-19 ربيع الأول 1415هـ الموافق 23-26 آب 1994م، ج2 |
| 250 | _aط1 | ||
| 264 | 3 | 1 | _aعمان: المعهد العالمي للفكر الاسلامي، 1995 |
| 300 | _aج2، 645ص | ||
| 336 |
_atext _btxt _2rdacontent |
||
| 337 |
_aunmediated _bn _2rdamedia |
||
| 338 |
_avolume _bnc _2rdacarrier |
||
| 650 | 4 |
_aالشريعة الاسلامية- دراسة وتعليم- مؤتمرات _952584 |
|
| 999 |
_aA23302 _c26870 _d26870 |
||